000 00408nam a2200181Ia 4500
001 2789
005 20260306144833.0
008 260306t1967||||xx |||||||||||||| ||spa||
041 _aESP
082 _a230
_bM97
100 _aMurray, John C.,
_eAUT
245 0 _aEl problema de Dios
260 _c1967
300 _a131 páginas :
_c20 cm.
650 _aGEN
654 _aCHU
942 _cLIB
_dJUS
_fJUS
_2ddc
_n
999 _c2789
_d2789